Saluto del preside

Saved in:  
Bibliographic Details
Subtitles:Dies Academicus 2017/2018. Lectio magistralis di Mons. Erio Castelucci (Arcivescovo di Modena-Nonantola): Don Milani e la Chiesa del Concilio
Main Author: Petrà, Basilio 1946- (Author)
Format: Print Article
Language:Italian
Check availability: HBZ Gateway
Interlibrary Loan:Interlibrary Loan for the Fachinformationsdienste (Specialized Information Services in Germany)
Published: 2018
In: Vivens homo
Year: 2018, Volume: 29, Issue: 2, Pages: 389-390
IxTheo Classification:FB Theological education
KBJ Italy
KDB Roman Catholic Church

MARC

LEADER 00000caa a22000002c 4500
001 1649630654
003 DE-627
005 20181213150203.0
007 tu
008 181119s2018 xx ||||| 00| ||ita c
035 |a (DE-627)1649630654 
035 |a (DE-576)513809449 
035 |a (DE-599)BSZ513809449 
040 |a DE-627  |b ger  |c DE-627  |e rda 
041 |a ita 
084 |a 1  |2 ssgn 
100 1 |e VerfasserIn  |0 (DE-588)141212268  |0 (DE-627)703912860  |0 (DE-576)169556018  |4 aut  |a Petrà, Basilio  |d 1946- 
109 |a Petrà, Basilio 1946- 
245 1 0 |a Saluto del preside 
246 1 |i Rubrikentitel  |a Dies Academicus 2017/2018. Lectio magistralis di Mons. Erio Castelucci (Arcivescovo di Modena-Nonantola): Don Milani e la Chiesa del Concilio 
264 1 |c 2018 
336 |a Text  |b txt  |2 rdacontent 
337 |a ohne Hilfsmittel zu benutzen  |b n  |2 rdamedia 
338 |a Band  |b nc  |2 rdacarrier 
652 |a FB:KBJ:KDB 
773 0 8 |i Enthalten in  |t Vivens homo  |d Firenze : Nerbini, 1990  |g 29(2018), 2, Seite 389-390  |w (DE-627)170797732  |w (DE-600)1107694-X  |w (DE-576)029159865  |x 1123-5470  |7 nnas 
773 1 8 |g volume:29  |g year:2018  |g number:2  |g pages:389-390 
935 |a mteo 
951 |a AR 
ELC |b 1 
ITA |a 1  |t 1 
LOK |0 000 xxxxxcx a22 zn 4500 
LOK |0 001 3333961180 
LOK |0 003 DE-627 
LOK |0 004 1649630654 
LOK |0 005 20181218110546 
LOK |0 008 181119||||||||||||||||ger||||||| 
LOK |0 035   |a (DE-Tue135)029159865_29_2018_2_389 
LOK |0 040   |a DE-Tue135  |c DE-627  |d DE-Tue135 
LOK |0 092   |o n 
LOK |0 852   |a DE-Tue135 
LOK |0 852 1  |9 00 
LOK |0 935   |a imwa  |a ixzs 
LOK |0 936ln  |0 1442048786  |a KBJ 
LOK |0 936ln  |0 1442049839  |a KDB 
LOK |0 936ln  |0 1442044047  |a FB 
LOK |0 939   |a 19-11-18  |b l01 
ORI |a SA-MARC-ixtheoa001.raw